| 000 | 00839nam a2200265 i 4500 | ||
|---|---|---|---|
| 001 | 000040933 | ||
| 003 | DO-SdBNP | ||
| 005 | 20250821141304.0 | ||
| 007 | ta | ||
| 008 | 130911s1998 xxuabo 000 0 spa d | ||
| 020 | _a0789435578 | ||
| 040 |
_aDO-SdBNP _bspa _cBNPHU _erda |
||
| 082 | 4 |
_a423.1 _bD626 _222 |
|
| 245 | 0 | 0 | _aDk illustrated oxford dictionary / |
| 260 |
_bDK _c1998. |
||
| 264 | 1 |
_aNew York, Estados Unidos : _bDK publishing, _bOxford University press, _c1998. |
|
| 300 |
_a1008 páginas _bilustraciones, mapas, fotografías _c26 cm. |
||
| 336 |
_2rdacontent _atexto _btxt |
||
| 337 |
_2rdamedia _asin mediación _bn |
||
| 338 |
_2rdacarrier _avolumen _bnc |
||
| 590 | _aInventariado, 2024/ YL | ||
| 650 | 4 |
_a Idioma inglés _vDiccionarios _986337 |
|
| 910 | _aYLockward. Validado control de calidad/MAA | ||
| 942 |
_2ddc _cLBS1 |
||
| 999 |
_c40423 _d40423 |
||